Which US state is this town or city in? Vol. II - Statistics

General Stats
  • This quiz has been taken 47 times
  • The average score is 13 of 20
Answer Stats
City/Town State % Correct
Amarillo Texas
100%
Kansas City Missouri
98%
Eugene Oregon
93%
Fairbanks Alaska
90%
Provo Utah
81%
Cedar Rapids Iowa
74%
Manchester New Hampshire
74%
Missoula Montana
69%
Everett Washington
69%
Taos New Mexico
67%
Hot Springs Arkansas
64%
Danbury Connecticut
64%
Pocatello Idaho
64%
Grand Forks North Dakota
60%
Morgantown West Virginia
60%
Spartanburg South Carolina
52%
Twentynine Palms California
48%
Bradenton Florida
48%
Rock Island Illinois
31%
Merrillville Indiana
24%
No matching quizzes found
Score Distribution
Percent of People with Each Score
Percentile by Number Answered
Your Score History
You have not taken this quiz